Object orianted programming in C++ (Record no. 172356)

000 -LEADER
fixed length control field 00382nam a2200133Ia 4500
008 - FIXED-LENGTH DATA ELEMENTS--GENERAL INFORMATION
fixed length control field 220217s9999||||xx |||||||||||||| ||und||
020 ## - INTERNATIONAL STANDARD BOOK NUMBER
International Standard Book Number 81-203-0889-1
082 ## - DEWEY DECIMAL CLASSIFICATION NUMBER
Classification number 005.13 BAR
100 ## - MAIN ENTRY--PERSONAL NAME
Personal name Barkakati, Nabajyothi
9 (RLIN) 1242
245 #0 - TITLE STATEMENT
Title Object orianted programming in C++
260 ## - PUBLICATION, DISTRIBUTION, ETC.
Place of publication, distribution, etc. Prentice hall of india
Name of publisher, distributor, etc. New Delhi
Date of publication, distribution, etc. 2001
300 ## - PHYSICAL DESCRIPTION
Other physical details 195
650 ## - SUBJECT ADDED ENTRY--TOPICAL TERM
Topical term or geographic name entry element PROGRAMMING LANGUAGE
Holdings
Withdrawn status Lost status Damaged status Not for loan Collection code Home library Current library Shelving location Date acquired Full call number Barcode Date last seen Price effective from Koha item type
        Computer Science and Engineering Central Library Central Library Book Cart 02/18/2022 005.13 BAR 7545 02/18/2022 02/18/2022 Books

Powered by Koha